Score 0/20 Timer 04:00
0 Plays Today
Clue Type 'DE' or 'ED' % Correct
President nicknamed 'Ike'???
82.6%
The voice of Dory (Finding Nemo/Dory)???
77.9%
French impressionist: The Dance Class???
74.4%
Take The 'A' Train jazz composer???
69.8%
1998 Daytona 500 winner???
67.4%
Bassist and co-founder of Megadeth???
61.6%
Dr. Temperance 'Bones' Brennan???
60.5%
Socialist Party (U.S.) candidate in the 1912???
59.3%
The Belgariad author???
58.1%
Peter Gunn guitarist???
58.1%
Clue Type 'DE' or 'ED' % Correct
Hope is the thing with feathers poet???
58.1%
Tru Calling actress???
58.1%
Marcus Brody actor (Indiana Jones)???
55.8%
Billy Bathgate novelist???
54.7%
Frontman in The Temptations???
53.5%
Dutch humanist and scholar 1466-1536???
53.5%
Lois Lane in the series Smallville???
53.5%
I Hear You Knocking singer???
51.2%
First African-American Heisman Trophy recipient???
43%
Dr. Mark Sloan on Grey's Anatomy???
40.7%
Remove Ads.
Support Sporcle.
Get the best of Sporcle when you Go Orange. This ad-free experience offers more features, more stats, and more fun while also helping to support Sporcle. Thank you for becoming a member.

You're not logged in!

Compare scores with friends on all Sporcle quizzes.
OR
Log In

Show Comments

Extras

Top Quizzes Today


Score Distribution

Your Account Isn't Verified!

In order to create a playlist on Sporcle, you need to verify the email address you used during registration. Go to your Sporcle Settings to finish the process.

Report this User

Report this user for behavior that violates our Community Guidelines.

Details: